|
|
|
|
| LEADER |
00758cam a2200205 7i4500 |
| 001 |
0000006404 |
| 005 |
20170519090000.0 |
| 020 |
|
|
|a 9780582334540 (pbk.)
|
| 020 |
|
|
|a 0582334543 (pbk.)
|
| 090 |
0 |
0 |
|a PE1115
|b .R68 2000
|
| 100 |
1 |
|
|a Robbins, Sue
|
| 245 |
1 |
0 |
|a First insights into business
|c Sue Robbins.
|
| 260 |
|
|
|a Harlow, England:
|b Longman,
|c 2000.
|
| 300 |
|
|
|a 175 p.:
|b col. ill.;
|c 28 cm.
|
| 500 |
|
|
|a Workbook written by Kevin Manton
|
| 650 |
0 |
0 |
|a English language --
|x Business English
|
| 650 |
0 |
0 |
|a English language --
|x Business English --
|x Study and teaching --
|x Foreign speakers
|
| 700 |
1 |
|
|a Manton, Kevin
|
| 997 |
|
|
|a Education & Social Sciences, Faculty
|b Education, Department
|
| 999 |
|
|
|a 0000007526
|b BOK
|c OPEN SHELF
|e 1st Floor, Bestari Jaya
|